ბათუმის შოთა რუსთაველის სახელმწიფო უნივერსიტეტის ბიბლიოთეკა

გავრცელებული ენობრივი შეცდომების ლექსიკონი : (ბიბ.ჩანაწერი № 62730)

000 -ლიდერი
ფიქსირებული სიგრძის საკონტროლო ველი 01911nam a22002657a 4500
003 - საკონტროლო ნომრის იდენტიფიკატორი
საკონტროლო ველი Ge_BSU
005 - ბოლო ოპერაციის თარიღი და დრო
საკონტროლო ველი 20250203104530.0
008 - ფიქსირებული სიგრძის მონაცემთა ელემენტები - ზოგადი ინფორმაცია
ფიქსირებული სიგრძის საკონტროლო ველი 250203s2018 ge ||||| |||| 00| 0 geo d
020 ## - წიგნის საერთაშორისო სტანდარტული ნომერი
International Standard Book Number 9789941480003
041 ## - ენის კოდი
Language code of text/sound track or separate title geo
080 ## - უნივერსალური ათობითი კლასიფიკაციის ინდექსი
Universal Decimal Classification number 81'374(038)=353.1'35 გ-15
245 ## - ცნობა სათაურის შესახებ
Title გავრცელებული ენობრივი შეცდომების ლექსიკონი :
Remainder of title ბიულეტენი I /
Statement of responsibility, etc სახელმწიფო ენის დეპარტამენტი; ლექსიკონზე მუშაობდნენ: გიორგი ალიბეგაშვილი, მარინა ბერიძე, თინათინ ბოლქვაძე [და სხვ.]; რედაქტორი დარეჯან თვალთვაძე ; კონსულტანტი მზექალა შანიძე.
264 ## - წარმოების, გამოცემის, დისტრიბუციის და სხვა ცნობები
გამოცემის, წარმოების, დისტრიბუციის... ადგილი თბილისი :
გამოცემის, წარმოების, დისტრიბუციის... სახელწოდება გრიფონი,
გამოცემის, წარმოების, დისტრიბუციის... თარიღი 2018.
300 ## - ფიზიკური აღწერა
Extent 152 გვ. ;
Other physical details 17 სმ.
504 ## - BIBLIOGRAPHY, ETC. NOTE
Bibliography, etc ბიბლიოგრ.: გვ. 12-14.
700 ## - ADDED ENTRY--PERSONAL NAME
Personal name ალიბეგაშვილი, გიორგი
Relator term შემდგენელი
9 (RLIN) 24215
700 ## - ADDED ENTRY--PERSONAL NAME
Personal name ბერიძე, მარინა
Relator term შემდგენელი
9 (RLIN) 24216
700 ## - ADDED ENTRY--PERSONAL NAME
Personal name ბოლქვაძე, თინათინ
Relator term შემდგენელი
9 (RLIN) 5682
700 ## - ADDED ENTRY--PERSONAL NAME
Personal name გოგია, ნანა
Relator term შემდგენელი
9 (RLIN) 24217
700 ## - ADDED ENTRY--PERSONAL NAME
Personal name თეთრაძე, მაკა
Relator term შემდგენელი
9 (RLIN) 18416
700 ## - ADDED ENTRY--PERSONAL NAME
Personal name კობიაშვილი, სოფიო და სხვ.
Relator term შემდგენელი
9 (RLIN) 24218
700 ## - ADDED ENTRY--PERSONAL NAME
Personal name თვალთვაძე, დარეჯან
Relator term რედაქტორი
9 (RLIN) 12967
710 ## - ADDED ENTRY--CORPORATE NAME
Corporate name or jurisdiction name as entry element სახელმწიფო ენის დეპარტამენტი
9 (RLIN) 24219
942 ## - ADDED ENTRY ELEMENTS (KOHA)
Source of classification or shelving scheme
Koha item type წიგნი
ეგზემპლარები
ჩამოწერის სტატუსი დაკარგული ეგზემპლარის სტატუსი კლასიფიკაციის წყარო ან თაროზე გაწყობის სქემა დაზიანების სტატუსი არ გაიცემა მუდმივი მდებარეობა (დაცვის ადგილი) ამჟამინდელი ადგილსამყოფელი თაროზე განთავსების ადგილი შეძენის თარიღი ღირებულება, შესყიდვის ნორმალური ფასი სრული შენახვის შიფრი შტრიხკოდი ბოლო ოპერაციის თარიღი ეგზემპლარის მიმდევრობითი ნომერი (კეტერი?) Uniform Resource Identifier ფასის ძალაში შესვლის თარიღი ეგზემპლარის სახეობა საჯარო შენიშვნა
          ბათუმის შოთა რუსთაველის სახელმწიფო უნივერსიტეტის მთავარი ბიბლიოთეკა ბათუმის შოთა რუსთაველის სახელმწიფო უნივერსიტეტის მთავარი ბიბლიოთეკა წიგნსაცავი 2025-02-03 5.00 81'374(038)=353.1'35 გ-15 70527 2025-02-03 70527 ნაჩუქარი 2025-02-03 წიგნი 5 ლ.